[Event "IND-ch 59th"]
[Site "New Delhi"]
[Date "2023.01.03"]
[Round "13"]
[White "Farooq, Faisal"]
[Black "Bipin Raj, S."]
[Result "0-1"]
[WhiteElo "1523"]
[BlackElo "1640"]
[PlyCount "34"]
[EventDate "2022.12.22"]
[EventType "swiss"]
[EventRounds "13"]
[EventCountry "IND"]
[SourceTitle "CBM 211 Extra"]
[Source "ChessBase"]
[SourceDate "2023.01.31"]
[SourceVersion "1"]
[SourceVersionDate "2023.01.31"]
[SourceQuality "1"]

1. d4 Nf6 2. Bg5 e6 3. e4 d5 4. Bxf6 Qxf6 5. Bd3 c5 6. e5 Qd8 7. c3 Nc6 8. Ne2 Be7 9. 0-0 0-0 10. Nd2 f6 11. exf6 Bxf6 12. dxc5 e5 13. f3 Bg5 14. Qc2 Be3+ 15. Kh1 Qh4 16. Nb3 Rf6 17. g3 Qxh2+ 0-1

[Event "IND-ch 59th"]
[Site "New Delhi"]
[Date "2022.12.23"]
[Round "2"]
[White "Farooq, Faisal"]
[Black "Arun, Kataria"]
[Result "0-1"]
[WhiteElo "1523"]
[BlackElo "1913"]
[PlyCount "98"]
[EventDate "2022.12.22"]
[EventType "swiss"]
[EventRounds "13"]
[EventCountry "IND"]
[SourceTitle "CBM 211 Extra"]
[Source "ChessBase"]
[SourceDate "2023.01.31"]
[SourceVersion "1"]
[SourceVersionDate "2023.01.31"]
[SourceQuality "1"]

1. d4 Nf6 2. c4 e6 3. Nf3 Bb4+ 4. Bd2 Qe7 5. a3 Bxd2+ 6. Nbxd2 d6 7. e3 0-0 8. Bd3 e5 9. 0-0 e4 10. Bc2 exf3 11. Nxf3 Bg4 12. h3 Bh5 13. Qd2 Bxf3 14. gxf3 Qe6 15. Kh2 Qxc4 16. Rg1 Nbd7 17. Bf5 c5 18. Rg5 Kh8 19. Rag1 Rg8 20. Bd3 Qb3 21. h4 Rac8 22. h5 c4 23. Bb1 c3 24. Qd3 Qc4 25. Qxc4 Rxc4 26. Ba2 Rc7 27. bxc3 Nb6 28. Ra5 a6 29. Rb1 Nbd7 30. Bxf7 Rf8 31. Be6 d5 32. Kg2 Re8 33. Bxd5 b6 34. Bf7 bxa5 35. Bxe8 Nxe8 36. Rc1 Nd6 37. e4 Nb5 38. e5 Nxd4 39. Rd1 Ne6 40. Kg3 Kg8 41. f4 g6 42. Kg4 Kf7 43. Rd6 Ndc5 44. hxg6+ hxg6 45. f5 gxf5+ 46. Kxf5 Rb7 47. f4 Rb1 48. Kg4 Rg1+ 49. Kh4 Rf1 0-1